| 000 | 00558nam a2200193 u 4500 | ||
|---|---|---|---|
| 005 | 20230602063737.0 | ||
| 008 | 081001s2006 r 000 0 eng d | ||
| 020 | _a9709497820 | ||
| 035 | _aUPN01000161672 | ||
| 049 | _aCG | ||
| 050 | 4 |
_aPQ7298.17 A7.3 _bD5.3 |
|
| 100 | 1 |
_aGarcía Esperón, María, _d1964- _931915 |
|
| 245 | 1 | 3 |
_aEl disco del cíelo / _cMaría García Esperón. |
| 260 |
_aMéxico : _bLas cuevas del viento, _c2006. |
||
| 300 | _a219 p. | ||
| 650 | 4 |
_aNovela mexicana _94557 |
|
| 650 | 0 |
_aHistorias de aventuras _94131 |
|
| 905 | _aLibro | ||
| 999 |
_c133785 _d133785 |
||